000 00464nam a2200229Ia 4500
001 073371
003 YMCAF
005 20230512160836.0
008 100717s9999 ||||||||||||||||| ||und|d
020 _a-
024 _a73371
035 _a12834
040 _aYMCAF
_beng
_cIN-KoLT
041 _aeng
082 _a621.310
_b42 NAG
100 _aNAGRATH
245 0 _aBASIC ELECTRIC MACHINES
250 _a-
653 _a-
653 _a-
942 _2ddc
_cBK
999 _c6737
_d6737